The revolution in international relations : A study in the changing nature and balance of power
محفوظ في:
| المؤلف الرئيسي: | |
|---|---|
| التنسيق: | كتاب |
| اللغة: | Undetermined |
| منشور في: |
London
F. Cass
1965
|
| الموضوعات: | |
| الوسوم: |
إضافة وسم
لا توجد وسوم, كن أول من يضع وسما على هذه التسجيلة!
|
| Thư viện lưu trữ: | Trung tâm Học liệu Trường Đại học Cần Thơ |
|---|
| LEADER | 00569nam a2200193Ia 4500 | ||
|---|---|---|---|
| 001 | CTU_77541 | ||
| 008 | 210402s9999 xx 000 0 und d | ||
| 082 | |a 327 | ||
| 082 | |b P417 | ||
| 100 | |a Penrose, E. F. | ||
| 245 | 4 | |a The revolution in international relations : | |
| 245 | 2 | |b A study in the changing nature and balance of power | |
| 245 | 0 | |c E.F. Penrose | |
| 260 | |a London | ||
| 260 | |b F. Cass | ||
| 260 | |c 1965 | ||
| 650 | |a International relations,Balance of power | ||
| 904 | |i Nguyên,Hải | ||
| 980 | |a Trung tâm Học liệu Trường Đại học Cần Thơ | ||